000 01834cam a22005054i 4500
003 PE-LiUPU
005 20250731173338.0
008 150706s2007 gw r 000 0 eng d
020 _a9783438052650
035 _a(Sirsi) i9783438052650
040 _aPE-LiUPU
_bspa
_cPE-LiUPU
_erda
049 _aPRUA
082 0 4 _a221
_bBHQ
_221
130 _aBiblia.
_pA.T.
_pDeuteronomy.
_lHebreo.
_f2006.
245 1 0 _aDeuteronimy /
_ceditado por A. Schenker . [et al.] ; preparado por Carmel McCarthy.
264 1 _aStuttgart :
_bDeutsche Bibelgesellschaft,
_c2007.
300 _a190 páginas ;
_c24 centímetros.
336 _atext
_2rdacontent
337 _aunmediated
_2rdamedia
338 _avolume
_2rdacarrier
490 1 _aBiblia Hebraica quinta ;
_v5
505 0 _aNotes on the Masorah Parva -- Notes on the Masorah Magna -- Comentary on the critical apparatus -- Words cited.
526 _aSEG42
526 _aSEG41
526 _aSEG40
526 _aSEG39
526 _aP94
526 _aP87
526 _aP86
526 _aP85
526 _aP77
526 _aP76
526 _aP35
541 _g20081126230934D47324;
630 _aBiblia.
_pA.T.
_IHebreo.
_f2006.
630 _aBiblia.
_pA.T.
_pDeuteronomio.
700 1 _aMcCarthy, Carmel,
_eprep.
710 2 _aDeutsche Bibelgesselschaft
910 _agl
_bjv
_clch
_d20090816
942 _2ddc
_cBOOK
949 _a221 BHQ 5
_wDEWEY
_c1
_i59833
_lCCODEBUL1
_mBUL
_p100.00
_r0
_sY
_tBOOK
_u2015-7-6
_xTEOLOGIA
_PP85
_0COMPRA
_o.STAFF. Colección Teología
994 _aC0
_bPEPRU
596 _a1
999 _a221 BHQ 5
_wDEWEY
_c49367
_i59833
_f2021-11-9
_g5
_lCCODEBUL1
_mBUL
_p100.00
_r0
_sY
_tBOOK
_u2015-7-6
_xTEOLOGIA
_PP85
_0COMPRA
_o.STAFF. Colección Teología
_d49367
980 _81
_gALBERTO SANCHEZ Responsable de Automatización